| 000 | 00838nam a2200205 a 4500 | ||
|---|---|---|---|
| 005 | 20171003152830.0 | ||
| 008 | 940707s1997 gw a bs f000 0 ger | ||
| 040 |
_aDLC _cDLC _dCO-BoIAVH |
||
| 041 | 0 | _ager | |
| 044 | _agx | ||
| 082 | 0 | 4 |
_a333.7516 _bT85b |
| 245 | 0 | 0 |
_aTropenwaldbericht der Bundesregierung : _b5. Bericht (Juni 1997) |
| 260 |
_aBonn (Alemania) : _bPresse- und Informationsamt der Bundesregierung, _c1997. |
||
| 300 |
_a59 páginas. : _bilustraciones (algunas a color) ; _c30 x 21 cm. |
||
| 650 | 2 | 6 |
_aBosque tropical _xGestión _zAlemania _vInformes |
| 650 | 2 | 6 |
_aProductos forestales _zZona tropical _zAlemania _vInformes |
| 650 | 2 | 6 |
_aProteccion forestal _zZona tropical _zAlemania _vInformes |
| 710 | 1 |
_aGermany. _bBT-Enquetekommission "Vorsorge zum Schutz der Erdatmosphäre." |
|
| 942 |
_2ddc _cLIBRO |
||
| 999 |
_c554 _d554 |
||